| 000 | 00539 a2200193 4500 | ||
|---|---|---|---|
| 005 | 20260423142658.0 | ||
| 008 | 260423b |||||||| |||| 00| 0 eng d | ||
| 020 |
_a9789819901661 _cRs. 1795.00 |
||
| 040 | _aMAIN | ||
| 082 |
_a344.041 _bP658H |
||
| 100 | _aPinto, Edward Premdas | ||
| 245 | _aHealth justice in India: Citizenship, power and health care jurisprudence | ||
| 260 |
_bSpringer _c2023 _aSingapore |
||
| 300 | _axxv, 295 | ||
| 650 | _aLaw | ||
| 650 | _aPublic Health Law | ||
| 650 | _aHealth- Medical Law | ||
| 942 | _cBK | ||
| 999 |
_c396126 _d396126 |
||